000 00327nam a2200133Ia 4500
008 191201s2004 xx 000 0 und d
082 _a620.3
_bGRS
100 _aGRAHAM Kelly, S
245 0 _aSchaum's Outlines Mechanical Vibrations
260 _aN.Delhi
_bTMH
_c2004
300 _a352
650 _aB.Tech(ME)
942 _2ddc
_cBK
999 _c1678
_d1678